000
00292nam a22001217a 4500
008
230704b xxu||||| |||| 00| 0 eng d
082
_a
344.01
_b
BRO
100
_c
W.J Brown
245
_a
Practical Company Law
_b
260
_a
London
_c
1984
_b
Pan Books Ltd
300
_a
341p
942
_2
ddc
_c
BK
999
_c
3624
_d
3624